000 01067nam a2200277 i 4500
001 183090
003 ES-MaACL
005 20260426162626.0
008 140115s1981 sp | ||||0||spa d
020 _a84-85354-41-9
080 _a929 Rilke, Rainer-Maria
080 _a929 Andreas-Salomé, Lou
080 _a830-6"19"
100 1 _aRilke, Rainer Maria,
_d1875-1926
_997230
245 1 0 _aCorrespondencia entre Rainer-Maria Rilke y Lou Andreas-Salomé /
_cprólogo de Pierre Klossowski ; postfacio de Miguel Morey.
260 _aBarcelona :
_bJosé J. de Olañeta,
_c1981.
300 _a62 p. :
_bil. ;
_c22 cm.
490 1 _aPequeña Biblioteca Calamus scriptorius ;
_v49
600 1 4 _aRilke, Rainer Maria,
_d1875-1926-
_vCorrespondencia
_997231
700 0 _aAndreas-Salomé, Lou,
_d1861-1937
_921553
700 0 _aKlossowski, Pierre.
_968294
700 0 _aMorey, Miguel.
_983498
830 0 _aPequeña Biblioteca Calamus scriptorius
_v49
_9191869
852 _aES-MaACL
_jL-29907
_z.- Donat. Miguel A. Velasco
999 _c183090
_d183090